000 00465nam a2200193 a 4500
001 1756441510565
003 ACL
005 20250829100452.0
008 250829s1998##################000#0#eng##
020 _a9780714834122
082 0 4 _a759.9493
_bBEL
100 1 _aBelkin, Kristin Lohse,
_eauthor.
245 1 0 _aRubens A&i :
260 _bPhaidon Press Limited,
_c1998.
300 _a356 pages
650 0 _aArt.
942 _cENGLISH
040 _aACL
_beng
_cACL
999 _c584297
_d584297